00614nmm a2200205Ia 4500008004100000020001800041041000800059100002100067245005700088264006800145300001800213490001600231650002300247700002100270700002100291700002100312856005100333942000700384999001700391251105s9999||||xx |||||||||||||||||und|| a9789681600303 aspa aDilthey, Wilhelm 0aHombre y mundo en los siglos XVI y XVII :b Obras II a[México D.C., Mexico] :bFondo de Cultura Económica, c2013 a519 páginas aFilosofía aPhilosophy, Ethics aDilthey, Wilhelm1 a Ímaz, Eugenio1 a Ímaz, Eugenio uhttps://public.digitaliapublishing.com/a/43446 cCF c64802d64802